Экономическая теория: макроэкономика в условиях неоиндустриализации: учебное пособие

Библиографические подробности
Автор-организация: Национальный исследовательский Томский политехнический университет Школа базовой инженерной подготовки Отделение социально-гуманитарных наук
Другие авторы: Жиронкин С. А. Сергей Александрович (составитель), Гасанов М. А. Магеррам Али оглы, Гузырь В. В. Владимир Васильевич
Примечания:Заглавие с титульного экрана
Электронная версия печатной публикации
Пособие раскрывает различные аспекты макроэкономики как ключевого раздела современной экономической теории. Системно рассмотрены основные вопросы макроэкономики с учетом современного этапа индустриализации. Предназначено для студентов, обучающихся по направлениям 38.03.01 «Экономика», 38.03.02 «Менеджмент» (бакалавриат), а также для студентов любых неэкономических (технических) специальностей при изучении базового курса экономики.
Режим доступа: из корпоративной сети ТПУ
Язык:русский
Опубликовано: Томск, Изд-во ТПУ, 2020
Предметы:
Online-ссылка:https://www.lib.tpu.ru/fulltext2/m/2020/m030.pdf
Формат: Электронный ресурс Книга
Запись в KOHA:https://koha.lib.tpu.ru/cgi-bin/koha/opac-detail.pl?biblionumber=345079

MARC

LEADER 00000nlm0a2200000 4500
001 345079
005 20240105130017.0
035 |a (RuTPU)RU\TPU\book\376891 
035 |a RU\TPU\book\263121 
090 |a 345079 
100 |a 20200721d2020 m y0rusy50 ca 
101 0 |a rus 
102 |a RU 
105 |a a j 001zy 
135 |a drgn ---uucaa 
181 0 |a i  
182 0 |a b 
200 1 |a Экономическая теория: макроэкономика в условиях неоиндустриализации  |e учебное пособие  |f Национальный исследовательский Томский политехнический университет; сост. С. А. Жиронкин ; М. А. Гасанов ; В. В. Гузырь 
203 |a Текст  |c электронный 
210 |a Томск  |c Изд-во ТПУ  |d 2020 
300 |a Заглавие с титульного экрана 
300 |a Электронная версия печатной публикации 
330 |a Пособие раскрывает различные аспекты макроэкономики как ключевого раздела современной экономической теории. Системно рассмотрены основные вопросы макроэкономики с учетом современного этапа индустриализации. Предназначено для студентов, обучающихся по направлениям 38.03.01 «Экономика», 38.03.02 «Менеджмент» (бакалавриат), а также для студентов любых неэкономических (технических) специальностей при изучении базового курса экономики. 
333 |a Режим доступа: из корпоративной сети ТПУ 
606 1 |a Макроэкономика  |2 stltpush  |3 (RuTPU)RU\TPU\subj\36372  |9 57778 
610 1 |a электронный ресурс 
610 1 |a труды учёных ТПУ 
610 1 |a учебные пособия 
610 1 |a макроэкономические показатели 
610 1 |a общественное воспроизводство 
610 1 |a макроэкономическое равновесие 
610 1 |a инновационное развитие 
610 1 |a промышленность 
610 1 |a экономический рост 
610 1 |a государственное регулирование 
610 1 |a новая экономика 
610 1 |a новая индустриализация 
610 1 |a экономическая теория 
610 1 |a индустриализация 
686 |a У012.2я73  |2 rubbk 
702 1 |a Жиронкин  |b С. А.  |c экономист  |c профессор Томского политехнического университета, доктор экономических наук  |f 1975-  |g Сергей Александрович  |3 (RuTPU)RU\TPU\pers\33504  |4 220  |9 17172 
702 1 |a Гасанов  |b М. А.  |c экономист  |c профессор Томского политехнического университета, доктор экономических наук  |f 1963-  |g Магеррам Али оглы  |3 (RuTPU)RU\TPU\pers\28713  |4 220  |9 13510 
702 1 |a Гузырь  |b В. В.  |c экономист  |c доцент Томского политехнического университета, кандидат экономических наук  |f 1979-  |g Владимир Васильевич  |3 (RuTPU)RU\TPU\pers\31942  |4 220 
712 0 2 |a Национальный исследовательский Томский политехнический университет  |b Школа базовой инженерной подготовки  |b Отделение социально-гуманитарных наук  |3 (RuTPU)RU\TPU\col\23512 
801 1 |a RU  |b 63413507  |c 20111114 
801 2 |a RU  |b 63413507  |c 20201006  |g RCR 
856 4 |u https://www.lib.tpu.ru/fulltext2/m/2020/m030.pdf 
942 |c CF